Países que ganharam a São Silvestre - Statistics

Estatísticas Gerais
  • Esse quiz foi jogado 72 vezes
    71 desde o último reset
  • A pontuação média é 15 de 24
Estatísticas das Respostas
# Países Nº Vencedores % Correto
2 Brasil 16
98%
10 Estados Unidos 4
97%
11 Argentina 3
92%
13 Chile 2
87%
5 México 8
87%
7 Colômbia 6
86%
14 França 2
86%
1 Quênia 30
81%
9 Alemanha 4
79%
15 Itália 2
79%
16 Reino Unido 2
79%
4 Etiópia 9
75%
8 Equador 6
73%
24 Uruguai 1
73%
3 Portugal 11
68%
6 Bélgica 6
43%
23 Uganda 1
38%
19 Dinamarca 1
35%
20 Finlândia 1
35%
18 Costa Rica 1
33%
22 Tchecoslováquia 1
30%
12 Iugoslávia 3
21%
21 Sérvia e Montenegro 1
21%
17 Bahrein 1
3%
Nenhum quiz correspondente encontrado
Distribuição das Pontuações
Porcentagem de Pessoas com Cada Pontuação
Percentil de Números Respondidos
Sua Pontuação Histórica
Você não jogou esse quiz desde o último reset